| Tag |
First Indicator |
Second Indicator |
Subfields |
| LEADER |
00000cam a2200000Mi 4500 |
| 001 |
in00004366705 |
| 005 |
20220105155142.0 |
| 006 |
m o d |
| 007 |
cr cnu---unuuu |
| 008 |
210717t20212021ctua ob 001 0 eng d |
| 020 |
|
|
|a 9781493048113
|q electronic book
|
| 020 |
|
|
|a 1493048112
|q electronic book
|
| 024 |
8 |
|
|a 40030677814
|
| 035 |
|
|
|a (NhCcYBP)EBSCO2966203
|
| 040 |
|
|
|a NhCcYBP
|c NhCcYBP
|d UtOrBLW
|
| 043 |
|
|
|a n-us-ny
|
| 050 |
|
4 |
|a HV6432.7
|b .K44 2021
|
| 082 |
0 |
4 |
|a 974.71044
|2 23
|
| 100 |
1 |
|
|a Keeney, L. Douglas.
|0 http://id.loc.gov/authorities/names/n99017344
|
| 245 |
1 |
4 |
|a The lives they saved :
|b the untold story of medics, mariners and the incredible boat lift that evacuated nearly 300,000 people from New York City on 9/11 /
|c L. Douglas Keeney.
|
| 264 |
|
1 |
|a Guilford, Connecticut :
|b Lyons Press,
|c [2021]
|
| 264 |
|
4 |
|c ©2021
|
| 300 |
|
|
|a 1 online resource.
|
| 336 |
|
|
|a text
|b txt
|2 rdacontent
|
| 337 |
|
|
|a computer
|b c
|2 rdamedia
|
| 338 |
|
|
|a online resource
|b cr
|2 rdacarrier
|
| 504 |
|
|
|a Includes bibliographical references (pages 207-231) and index.
|
| 588 |
|
|
|a Description based on online resource.
|
| 500 |
|
|
|a Electronic resource.
|
| 650 |
|
0 |
|a September 11 Terrorist Attacks, 2001
|v Personal narratives.
|0 http://id.loc.gov/authorities/subjects/sh2008111533
|
| 650 |
|
0 |
|a Evacuation of civilians
|z New York (State)
|z New York.
|
| 655 |
|
7 |
|a Electronic books.
|2 local
|
| 710 |
2 |
|
|a EBSCOhost.
|
| 776 |
1 |
8 |
|i Print version:
|a Keeney, L. Douglas
|t The Lives They Saved
|d Blue Ridge Summit : Lyons Press,c2021
|z 9781493048106
|
| 856 |
4 |
0 |
|u http://proxy.library.tamu.edu/login?url=https://search.ebscohost.com/login.aspx?direct=true&scope=site&db=nlebk&db=nlabk&AN=2966203
|z Connect to the full text of this electronic book
|t 0
|
| 945 |
|
|
|b 995816
|
| 955 |
|
|
|a YBP purchased approval e-records
|
| 980 |
|
|
|b ebook
|c 40030677814
|f NONFIC/B
|g 565751
|k USD
|m 72.00
|q 1
|s AcqMono Conventional
|t Approval plan
|u Vendor order reference number
|v ZYBP
|y E-approvals
|z Electronic resource
|
| 987 |
|
|
|a ybp302332291
|
| 999 |
f |
f |
|s 12361f9b-1432-3989-af70-533ae1d6f1c1
|i 690754f4-4c2a-3698-8333-d1f23d6c80b5
|t 0
|
| 952 |
f |
f |
|a Texas A&M University
|b College Station
|c Electronic Resources
|d Available Online
|t 0
|e HV6432.7 .K44 2021
|h Library of Congress classification
|
| 998 |
f |
f |
|a HV6432.7 .K44 2021
|t 0
|l Available Online
|